01510nam a2200385 i 450000100060000000300080000600500170001400600190003100700150005000800410006502000180010602000280012403500220015204000310017405000200020508000140022508200170023924502220025626400670047830000410054533600290058633700330061533800390064850400290068758800830071665000340079965000230083365000370085665000380089365000260093165000440095765500270100170000330102885600630106128822FINmELB20241216220106.0m o u cr cn|||||||||221128s2021 ck ob 000 0 spa d z9789587634969 a9789587634976q(e-book) a(OCoLC)1355704754 aFINmELBbspaerdacFINmELB14aHD53bM294 2021 a658.011.404a658.406322300aManual del modelo de gestión de la cultura y capacidad de innovación empresarial - CCIE :buna oportunidad para innovar y mejorar el valor diferenciador en las microempresas /cClaudia Milena Pérez [y otros 16]. 1aBogotá :bCorporación Universitaria Minuto de Dios,c2021. a1 recurso en línea (208 páginas) atextobtxt2rdamedia/spa acomputadorabc2rdamedia/spa arecurso en línea2rdacarrier/spa aContiene bibliografía. aDescripción basada en metadatos suministrados por el editor y otras fuentes. 0aCreative ability in business. 0aCreative thinking. 0aIndustrial managementzColombia. 4aAptitud creadora en los negocios. 4aPensamiento creativo. 4aAdministración de empresaszColombia. 4aLibros electrónicos.1 aPérez, Claudia M.,eautor.40uhttps://elibro.net/ereader/politecnicointernacional/219260